| 000 | 00587nam a2200229Ia 4500 | ||
|---|---|---|---|
| 003 | OSt | ||
| 005 | 20220928102401.0 | ||
| 006 | a|||||r|||| 00| 0 | ||
| 007 | ta | ||
| 008 | 220927b |||||||| |||| 00| 0 eng d | ||
| 024 | _a114424 | ||
| 037 | _cTextual | ||
| 040 |
_aSDCL _cSDCL _beng |
||
| 041 |
_2eng _aeng |
||
| 082 | _aP111k, 152L3 RR | ||
| 100 |
_aVira Raghu _9397984 |
||
| 245 | 0 | _aComprehensive English-Hindi dictionary. | |
| 260 | _c1973 | ||
| 300 |
_a1572p _ccm. |
||
| 942 |
_hP111k, 152L3 RR _cTEXL _2CC |
||
| 999 |
_c713813 _d713813 |
||